Effectif France - Euro 2016 - Statistiques

Statistiques générales
  • Ce quiz a été pris 148 fois
  • Le résultat moyen est 20 sur 24
Statistiques - réponses
POSTE CLUB NUMERO JOUEUR % Correct
G Tottenham 1 Hugo Lloris
100%
ATT Atlético Madrid 7 Antoine Griezmann
98%
ATT Arsenal 9 Olivier Giroud
97%
G Olympique de Marseille 16 Steve Mandanda
97%
MIL Leicester City 5 N'Golo Kanté
96%
MIL Juventus 15 Paul Pogba
96%
ATT West Ham 8 Dimitri Payet
95%
ATT Tigres UANL 10 André-Pierre Gignac
94%
MIL PSG 14 Blaise Matuidi
94%
ATT Manchester United 11 Anthony Martial
93%
ATT Bayern Munich 20 Kingsley Coman
91%
COACH - - Didier Deschamps
90%
DEF Arsenal 21 Laurent Koscielny
88%
DEF Juventus 3 Patrice Évra
82%
DEF Manchester City 19 Bacary Sagna
81%
DEF Olympique Lyonnais 22 Samuel Umtiti
78%
DEF FC Séville 4 Adil Rami
76%
G Stade Rennais 23 Benoit Costil
76%
MIL Crystal Palace 6 Yohan Cabaye
73%
MIL Newcastle 18 Moussa Sissoko
72%
DEF Manchester City 13 Eliaquim Mangala
64%
MIL Manchester United 12 Morgan Schneiderlin
63%
DEF AS Roma 17 Lucas Digne
58%
DEF Olympique Lyonnais 2 Christophe Jallet
50%
Aucun quiz correspondant
Distribution des résultats
% des personnes avec chaque résultat
Percentile par nombre de réponses
Votre historique - résultats
Vous n’avez pas pris ce quiz